Normal view
MARC view
- طرق التعلم-الإدارة التربوية-إدارة
Entry Topical Term
001 - CONTROL NUMBER
- control field: 21699
003 - CONTROL NUMBER IDENTIFIER
- control field: JO-AjAnu
005 - DATE AND TIME OF LATEST TRANSACTION
- control field: 20230606073745.0
008 - FIXED-LENGTH DATA ELEMENTS
- fixed length control field: 230606|| aca||aabn | a|a d
040 ## - CATALOGING SOURCE
- Original cataloging agency: JO-AjAnu
- Transcribing agency: JO-AjAnu
150 ## - HEADING--TOPICAL TERM
- Topical term or geographic name entry element: طرق التعلم-الإدارة التربوية-إدارة
670 ## - SOURCE DATA FOUND
- Source citation: Work cat.: (JO-AjAnu)11150: أبو نمرة،محمد خميس حسين مؤلف/قطيشات،نازك عبد الحليم م.مشارك, author 21698, أساسيات إدارة الصفوف وتنظيمها